Investigation of Self-Heating and Spontaneous Ignition of Oils
Gespeichert in:
| 1. Verfasser: | |
|---|---|
| Weitere Verfasser: | , , |
| Format: | Buch |
| Sprache: | Englisch |
| Veröffentlicht: |
Dresden :
IFW,
2013
|
| Ausgabe: | 1st ed. |
| Schlagworte: | |
| Online-Zugang: | PODKL |
| Tags: |
Keine Tags, Fügen Sie das erste Tag hinzu!
|
MARC
| LEADER | 00000nam a22000003a 4500 | ||
|---|---|---|---|
| 001 | stu279225 | ||
| 005 | 20220317191400.5 | ||
| 008 | 131203s--------gw------------------eng-d | ||
| 020 | |a 978-3-944438-00-9 | ||
| 040 | |a STU |b slo | ||
| 041 | 0 | |a eng | |
| 044 | |a gw | ||
| 100 | 1 | |a Hrušovský, Ivan, |d 1985- |4 aut |u M5000 |9 100 |U MTF Materiálovotechnologická fakulta |T MTF Ústav bezpečnosti, environmentu a kvality |X 32999 |U M5000 |Y 85 |7 A000032999 | |
| 245 | 1 | |a Investigation of Self-Heating and Spontaneous Ignition of Oils | |
| 250 | |a 1st ed. | ||
| 260 | |a Dresden : |b IFW, |c 2013 | ||
| 300 | |a 118 s | ||
| 650 | 7 | |a self-ignition |2 estusub | |
| 650 | 7 | |a self-heating |2 estusub | |
| 650 | 7 | |a SEDEX |2 estusub | |
| 700 | 1 | |a Osvald, Anton |4 rev | |
| 700 | 1 | |a Kačík, František |4 rev | |
| 700 | 1 | |a Šimon, Peter, |d 1952- |4 rev |u C5210 |U FCHPT Ústav fyzikálnej chémie a chemickej fyziky |T FCHPT Oddelenie fyzikálnej chémie |X 4431 |U C5210 |Y 117 |7 A000004431 | |
| 856 | 4 | |a podklad |u https://is.stuba.sk/vv/pub_priloha.pl?id=278243 |3 PODKL | |
| 996 | |b 284M086723 |c M* 13876-1 |l MMST |s A |a 24 |w stu279225_0001 | ||